| 000 | 00964nam a22002891i 4500 | ||
|---|---|---|---|
| 001 | 105759 | ||
| 003 | ES-MaACL | ||
| 005 | 20251012173731.0 | ||
| 007 | t| | ||
| 008 | 940725s1979 sp ||||0| spa d | ||
| 016 | 7 |
_zIND9400633353 _z05535579 |
|
| 020 | _a84-297-1498-7 | ||
| 040 |
_aM-BN _bspa _cA2 |
||
| 080 | _a323.174(410) | ||
| 100 | 1 |
_aNairn, Tom. _984867 |
|
| 245 | 1 | 4 |
_aLos nuevos nacionalismos en Europa _b: la desintegración de la Gran Bretaña / _cTom Nairn ; [traducción del inglés de Pablo Di Masso]. |
| 250 | _a1ª ed. | ||
| 260 |
_aBarcelona : _bPenínsula, _c1979. |
||
| 300 |
_a381 p. ; _c20 cm. |
||
| 490 | 1 |
_aHistoria, ciencia, sociedad ; _v157 |
|
| 650 | 1 | 4 |
_aRegionalismo- _zGran Bretaña. _916754 |
| 700 | 1 |
_aMasso, Pablo di, _d1948- _9174328 |
|
| 830 | 1 | 0 |
_aHistoria, ciencia, sociedad (Península) _v157 _9177444 |
| 852 |
_aES-MaACL _jAND-558 _z- Biblioteca Juan Andrade |
||
| 999 |
_c105759 _d105759 |
||